| 000 | 00829nam a2200205 i 4500 | ||
|---|---|---|---|
| 001 | 25982 | ||
| 003 | ES-MaACL | ||
| 005 | 20250831121726.0 | ||
| 007 | t| | ||
| 008 | 030107s1888 sp ||||1| spa d | ||
| 110 | 2 |
_aAsociación para la Reforma de los Aranceles de Aduanas _91779 |
|
| 245 | 1 | 0 |
_aMeeting librecambista celebrado en el Teatro de la Alhambra el día 25 de noviembre de 1888 _b: tema: la crisis económica y el movimiento proteccionista / _cAsociación para la Reforma de los Aranceles de Aduanas. |
| 260 |
_aMadrid : _b[s.n.], _c1888 ( _fImp. E. de la Riva) |
||
| 300 |
_a85 p. ; _c22 cm. |
||
| 650 | 4 |
_aAranceles de aduanas- _zEspaña- _yS.XIX. _99930 |
|
| 710 | 2 |
_aTeatro de la Alhambra (Granada) _96919 |
|
| 852 |
_aES-MaACL _jT-553-F-5 |
||
| 852 |
_aES-MaACL _jFol-Laf-370 |
||
| 999 |
_c25982 _d25982 |
||